U.S. General Knowledge by Letter - A - Statistics

General Stats
  • This quiz has been taken 126 times
  • The average score is 12 of 16
Answer Stats
Hint Answer % Correct
Biggest city in California: Los ______ Angeles
99%
Ocean on the east side of the U.S. Atlantic
99%
Capital of Georgia Atlanta
98%
Capital of Texas Austin
97%
Largest U.S. States by area Alaska
96%
Little Rock is it's capital Arkansas
96%
The Grand Canyon States Arizona
93%
The only other U.S. State I haven't mentioned Alabama
89%
Disneyland city Anaheim
81%
Capital of Maryland Annapolis
74%
Biggest City in New Mexico Albuquerque
72%
Capital of Maine Augusta
68%
Colorado NHL team Avalanche
51%
Largest suburb of Denver and of Chicago Aurora
43%
National park in Maine Acadia
42%
Type of tree that makes the largest forest in Utah Aspen
40%
No matching quizzes found
Score Distribution
Percent of People with Each Score
Percentile by Number Answered
Your Score History
You have not taken this quiz